| Поле | Инд. | ПП | Название | Значение |
|---|---|---|---|---|
| Тип записи | a | |||
| Библиографический уровень | m | |||
| 001 | Контрольный номер | 7899eb2d-a6d8-4146-a7dc-4b0ca966fb7b | ||
| 005 | Дата корректировки | 20131111134145.4 | ||
| 008 | Кодируемые данные | 981029 d | ||
| 020 | c | Цена, тираж | 1.50 | |
| 080 | a | Индекс УДК | 537.8(075.8) | |
| 084 | a | Индекс другой классификации/Индекс ББК | В313.21я731-1 | |
| 090 | c | Каталожный индекс | В313.21я731-1 | |
| x | Авторский знак | Р83 | ||
| a | Полочн. индекс | В313.2 | ||
| 100 | 1_ | a | Автор | Рудяк Владимир Моисеевич |
| 245 | a | Заглавие | Система уравнений Максвелла и основные свойства электромагнитных волн | |
| b | Продолж. заглавия | Метод. разраб. по общ. физике для студентов пед. отд-ния физ. фак. | ||
| c | Ответственность | Сост. В.М. Рудяк; Твер. гос. ун-т. Каф. физики сегнетоэлектриков и пьезоэлектриков | ||
| c | Ответственность | Твер. гос. ун-т. Каф. физики сегнетоэлектриков и пьезоэлектриков | ||
| 260 | 1_ | a | Место издания | Тверь |
| c | Дата издания | 1992 | ||
| 300 | a | Объем | 27 с. | |
| b | Иллюстрации/ тип воспроизводства | ил. | ||
| 500 | a | Примечание | Библиогр.: с.27. | |
| 650 | a | Основная рубрика | Электродинамика | |
| x | Основная подрубрика | Уравнения | ||
| x | Основная подрубрика | Учебники для вузов | ||
| 650 | a | Основная рубрика | Электромагнитные волны | |
| 653 | a | Ключевые слова | Электродинамика | |
| a | Ключевые слова | Уравнения Максвелла | ||
| a | Ключевые слова | Электромагнитные волны | ||
| a | Ключевые слова | Методические разработки по физике для вузов | ||
| a | Ключевые слова | Максвелла уравнения | ||
| a | Ключевые слова | Учебники | ||
| a | Ключевые слова | Труды Тверского государственного университета | ||
| 710 | a | Организация/ юрисдикция | Тверской государственный университет | |
| 852 | p | Инвентарный номер | 635042 | |
| p | Инвентарный номер | 635043 | ||
| 852 | t | Порядковый номер экземпляра | 23 - ь168 | |
| 930 | a | Новая/Ретро | Учебники | |
| 999 | a | Подразделение 2 | кх. | |
| a | Подразделение 2 | аб. |